|
|
|
|
| LEADER |
01419nam a2200325 a 4500 |
| 001 |
00017896 |
| 003 |
BD-DhAAL |
| 008 |
120204r20072005enka f b 001 0 eng |
| 010 |
|
|
|a 2005298928
|
| 015 |
|
|
|a GBA509114
|2 bnb
|
| 016 |
7 |
|
|a 013099702
|2 Uk
|
| 020 |
|
|
|a 0470093293 (hbk.)
|
| 020 |
|
|
|a 0470093315 (pbk.)
|
| 040 |
|
|
|a UKM
|c UKM
|d BWKUK
|d OCL
|d DLC
|d BD-DhAAL
|
| 042 |
|
|
|a lccopycat
|
| 050 |
0 |
0 |
|a NA9050
|b .S5 2005
|
| 082 |
0 |
4 |
|a 711.4
|2 22
|
| 100 |
1 |
|
|a Shane, David Grahame.
|9 31840
|
| 245 |
1 |
0 |
|a Recombinant urbanism :
|b conceptual modeling in architecture, urban design, and city theory /
|c David Grahame Shane.
|
| 260 |
|
|
|a Chichester, England ;
|a Hoboken, NJ :
|b Wiley,
|c 2005 [reprinted 2007].
|
| 300 |
|
|
|a 344 p. :
|b ill. (some col.) ;
|c 23 cm
|
| 504 |
|
|
|a Includes bibliographical references and index.
|
| 526 |
|
|
|a ARC
|x Md. Shajjad Hossain,
Faculty members of the Department of Architecture
|
| 541 |
1 |
|
|e 00017896
|a D. S. Books International
|
| 650 |
|
0 |
|a City planning.
|9 31841
|
| 650 |
|
0 |
|a Architecture.
|9 31842
|
| 852 |
|
|
|a Ayesha Abed Library
|c General Stacks
|
| 942 |
0 |
0 |
|0 1
|2 ddc
|c BK
|
| 999 |
|
|
|c 11862
|d 11862
|
| 952 |
|
|
|0 0
|1 0
|2 ddc
|4 0
|6 711_400000000000000_SHA
|7 0
|9 19388
|a BRACUL
|b BRACUL
|c GEN
|d 2012-02-04
|e D. S. Books International
|l 8
|m 42
|o 711.4 SHA
|p 3010017896
|r 2022-06-23
|s 2022-06-16
|t 1
|w 2012-02-04
|y BK
|x Requisitioned by Md. Shajjad Hossain (Faculty members of the Department of Architecture) ; USD 60.00
|